Pořiďte si druhý mozek : uspořádejte si digitální život a uvolněte místo pro svůj tvůrčí potenciál /
Autor v knize radí, jak si lépe organizovat pracovní život a uvolnit tvůrčí potenciál prostřednictvím digitálního poznámkového systému.
Uloženo v:
| Hlavní autor: | |
|---|---|
| Další autoři: | |
| Médium: | E-audiokniha |
| Jazyk: | Czech |
| Vydáno: |
V Brně :
Jan Melvil Publishing,
2023
|
| Vydání: | Vydání první |
| Edice: | Žádná velká věda
|
| Témata: | |
| On-line přístup: | Elektronická verze přístupná pouze pro studenty a pracovníky ESF a FSS MU Plný text - pro registrované uživatele NK ČR |
| Tagy: |
Žádné tagy |
| LEADER | 03906nam a2200805 i 4500 | ||
|---|---|---|---|
| 001 | 313461 | ||
| 003 | CZ PrSKC | ||
| 005 | 20260601215743.0 | ||
| 007 | ta | ||
| 008 | 230525s2023 xr a e f 001 0 cze | ||
| 015 | |a cnb003522375 | ||
| 020 | |a 9788075551894 |q (brožováno) | ||
| 035 | |a (OCoLC)1393198410 | ||
| 040 | |a BOA001 |b cze |e rda | ||
| 041 | 1 | |a cze |h eng | |
| 072 | 7 | |a 005 |x Management. Řízení |2 Konspekt | |
| 080 | |a 001.82:001.101/.103 |2 MRF | ||
| 080 | |a 005.94 |2 MRF | ||
| 080 | |a 004 |2 MRF | ||
| 080 | |a (035) |2 MRF | ||
| 100 | 1 | |a Forte, Tiago, |d 1985- |7 mzk20231190021 |4 aut | |
| 240 | 1 | 0 | |a Building a second brain. |l Česky |
| 245 | 1 | 0 | |a Pořiďte si druhý mozek : |b uspořádejte si digitální život a uvolněte místo pro svůj tvůrčí potenciál / |c Tiago Forte ; překlad Libuše Mohelská |
| 250 | |a Vydání první | ||
| 264 | 1 | |a V Brně : |b Jan Melvil Publishing, |c 2023 | |
| 300 | |a 255 stran : |b ilustrace ; |c 22 cm | ||
| 336 | |a text |b txt |2 rdacontent | ||
| 337 | |a bez média |b n |2 rdamedia | ||
| 338 | |a svazek |b nc |2 rdacarrier | ||
| 490 | 1 | |a Žádná velká věda | |
| 500 | |a Přeloženo z angličtiny | ||
| 504 | |a Obsahuje bibliografické odkazy a rejstřík | ||
| 520 | 2 | |a Autor v knize radí, jak si lépe organizovat pracovní život a uvolnit tvůrčí potenciál prostřednictvím digitálního poznámkového systému. | |
| 650 | 0 | 7 | |a organizace informací |7 ph805421 |2 czenas |
| 650 | 0 | 7 | |a znalostní management |7 ph136832 |2 czenas |
| 650 | 0 | 7 | |a informační technologie |7 ph121106 |2 czenas |
| 650 | 0 | 9 | |a information organization |2 eczenas |
| 650 | 0 | 9 | |a knowledge management |2 eczenas |
| 650 | 0 | 9 | |a information technology |2 eczenas |
| 655 | 7 | |a příručky |7 fd133209 |2 czenas | |
| 655 | 9 | |a handbooks and manuals |2 eczenas | |
| 700 | 1 | |a Mohelská, Libuše, |d 1974- |7 xx0015245 |4 trl | |
| 830 | 0 | |a Žádná velká věda | |
| 856 | 4 | 1 | |u https://www.bookport.cz/kniha/poridte-si-druhy-mozek-11768/ |z Elektronická verze přístupná pouze pro studenty a pracovníky ESF a FSS MU |4 N |
| 856 | 4 | 1 | |u https://www.bookport.cz/AccountSaml/SignIn/?idp=https%3A%2F%2Fshibboleth.nkp.cz%2Fidp%2Fshibboleth&returnUrl=/kniha/poridte-si-druhy-mozek-11768/ |y Plný text - pro registrované uživatele NK ČR |4 N |
| 900 | |a ABA001 |b 20 | ||
| 044 | |a xr | ||
| 505 | 0 | 0 | |t 01_Uvod_-_Prislib_druheho_mozku (10 min., 54 sek.) |
| 505 | 0 | 0 | |t 02_KPT_1_Kde_to_vsechno_zacalo (18 min., 53 sek.) |
| 505 | 0 | 0 | |t 03_KPT_2_Co_je_druhy_mozek (32 min., 46 sek.) |
| 505 | 0 | 0 | |t 04_KPT_3_Jak_druhy_mozek_funguje (18 min., 3 sek.) |
| 505 | 0 | 0 | |t 05_Pamatovani,_propojovani,_vytvareni (22 min., 37 sek.) |
| 505 | 0 | 0 | |t 06_KPT_4_Zaznamenavani (27 min., 39 sek.) |
| 505 | 0 | 0 | |t 07_Kriteria_zaznamenavani (30 min., 12 sek.) |
| 505 | 0 | 0 | |t 08_KPT_5_Usporadavani (31 min., 21 sek.) |
| 505 | 0 | 0 | |t 09_Jak_sytem_para_vypada (26 min., 41 sek.) |
| 505 | 0 | 0 | |t 10_KPT_6_Zhustovani (27 min., 50 sek.) |
| 505 | 0 | 0 | |t 11_Ctyri_priklady_postupne_sumarizace (27 min., 3 sek.) |
| 505 | 0 | 0 | |t 12_KPT_7_Vyjadrovani (29 min., 36 sek.) |
| 505 | 0 | 0 | |t 13_Jak_znovu_najit_a_vyuzit_svou_minulou_praci (30 min., 28 sek.) |
| 505 | 0 | 0 | |t 14_KPT_8_Umeni_kreativni_realizace (20 min., 28 sek.) |
| 505 | 0 | 0 | |t 15_Hemingwayuv_mustek (21 min., 23 sek.) |
| 505 | 0 | 0 | |t 16_KPT_9_Zakladni_navyky_digitalnich_organizatoru (30 min., 23 sek.) |
| 505 | 0 | 0 | |t 17_Navyk_revize (20 min., 20 sek.) |
| 505 | 0 | 0 | |t 18_KPT_10_Cesta_k_sebevyjadreni (21 min., 22 sek.) |
| 505 | 0 | 0 | |t 19_Posun_od_konzumace_k_tvoreni (20 min., 6 sek.) |
| 505 | 0 | 0 | |t 20_Bonusova_kapitola (4 min., 16 sek.) |
| 910 | |a RBIT002 | ||
| 998 | |d 421209 |a https://core.palmknihy.cz/api/books/421209/cover?syo4vw |b https://core.palmknihy.cz/api/books/421209/cover/400?syo4vw |c https://core.palmknihy.cz/api/books/421209/cover/50?syo4vw |e 2027-02-18 |i 9788075551894 |l 28320 |q 49 |r 1 |s https://www.palmknihy.cz/kniha/421209 |t audiobook |y 2023 |z 0 | ||
| 999 | |d 313459 | ||